The Law of Delict : (Record no. 419)

MARC details
000 -LEADER
fixed length control field 00592nam a22001697a 4500
005 - DATE AND TIME OF INPUT
control field 20231108103505.0
008 - DATA ELEMENTS--GENERAL INFORMATION
fixed length control field 231108b |||||||| |||| 00| 0 eng d
041 ## - LANGUAGE CODE
Language code of text English
082 ## - SHELF NUMBER
DDC number 346.3 MCK
100 ## - MAIN AUTHOR
Main author's name McKerron, RG
Language of a work English
245 ## - TITLE STATEMENT
Title The Law of Delict :
Sub-title A Treatise on the Principles of Liability for Civil Wrongs in the Law of South Africa /
Statement of responsibility, etc. RG McKerron
250 ## - EDITION STATEMENT
Edition statement Seventh Edition
260 ## - PUBLICATION, DISTRIBUTION, ETC.
Place of publication, distribution, etc. Cape Town :
Name of publisher, distributor, etc. Juta and Company Ltd,
Date of publication, distribution, etc. 1971
300 ## - PHYSICAL DESCRIPTION
Other physical details xliv, 342 pages ;
Dimensions 26 cm.
650 ## - SUBJECT`
Broad subject Legal practice
Own subject terms Law
942 ## - ADDED ENTRY ELEMENTS (KOHA)
Item type Books
942 ## - ADDED ENTRY ELEMENTS (KOHA)
-- ALISON_BN_VRIES
Holdings
Source of classification or shelving scheme Not for loan Collection code Home library Current library Shelving location Date acquired Full call number Barcode Price effective from Koha item type
Dewey Decimal Classification   TEXT BOOKS LAW SOCIETY OF NAMIBIA LIBRARY - WINDHOEK LAW SOCIETY OF NAMIBIA LIBRARY - WINDHOEK Damage law 11/08/2023 346.3 MCK LSN/1987/53 11/08/2023 Books